| 000 | 02667cam a2200409 a 4500 | ||
|---|---|---|---|
| 001 | 15669619 | ||
| 003 | OSt | ||
| 005 | 20170405155040.0 | ||
| 008 | 090323s2009 vau b 001 0 eng | ||
| 010 | _a 2009011166 | ||
| 020 | _a9781607660002 (alk. paper) | ||
| 020 | _a1607660008 (alk. paper) | ||
| 035 | _a(OCoLC)ocn317118195 | ||
| 037 |
_a1298114 _bQBI |
||
| 040 |
_aDLC _cYour stomach : _dQBX _dIHI _dDLC |
||
| 050 | 0 | 0 |
_aRC815.7 _b.W75 2009 |
| 100 | 1 |
_aWright, Jonathan V. _916235 |
|
| 245 | 1 | 0 |
_aYour stomach : _bwhat is really making you miserable and what to do about it / _cJonathan V. Wright. |
| 260 |
_aMount Jackson, VA : _bPraktikos Books, _cc2009. |
||
| 300 |
_avi, 150 p. ; _c22 cm. |
||
| 490 | 1 | _a[Praktikos health series] | |
| 500 | _aSeries from dust jacket. | ||
| 504 | _aIncludes bibliographical references (p. 41-144) and index. | ||
| 505 | 0 | _aA very widespread problem -- A medical mistake? -- We need stomach acid -- Stomach acid declines with age -- What really causes heartburn -- What else might cause acid to back up into the throat? -- Why antacids might make the situation worse -- Why do antacids appear to help-at least temporarily? -- What is really happening? -- Doesn't everybody "know" that antacids are the stomach medicine of choice? -- What drug companies actually say -- Don't many doctors agree with the drug companies? -- Doesn't the government support the use of antacids? -- Why antacids may be bad for your bones -- So acidity in the stomach and acidity in the rest of the body are two separate issues? -- Other medical conditions associated with low stomach acid -- Antacids and stomach ulcers -- Additional medical conditions that might be indirectly linked to low stomach acid -- Side effects of prescription-strength antacids -- The case against antacids -- The alternative approach to stomach problems -- Finding an "integrative" doctor who may be more open to alternative approaches. | |
| 650 | 0 |
_aGastroesophageal reflux _vPopular works. _916236 |
|
| 650 | 0 |
_aGastric acid _vPopular works. _916237 |
|
| 650 | 0 |
_aHeartburn _vPopular works. _916238 |
|
| 650 | 0 |
_aAntacids _xSide effects _vPopular works. _916239 |
|
| 650 | 0 |
_aGastroesophageal reflux _vBibliography. _916240 |
|
| 650 | 0 |
_aGastric acid _vBibliography. _916241 |
|
| 650 | 0 |
_aHeartburn _vBibliography. _916242 |
|
| 650 | 0 |
_aAntacids _xSide effects _vBibliography. _916243 |
|
| 830 | 0 |
_aPraktikos health series. _916244 |
|
| 906 |
_a7 _bcbc _corignew _d1 _eecip _f20 _gy-gencatlg |
||
| 942 |
_2ddc _cBK |
||
| 999 |
_c8131 _d8131 |
||